Top 100 Apple Music - Statistiques

Statistiques générales
  • Ce quiz a été pris 17 fois
  • Le résultat moyen est 7 sur 100
Statistiques - réponses
Placement Groupe / Artiste Année Album % Correct
2 Michael Jackson 1982 Thriller
87%
4 Prince 1984 Purple Rain
67%
8 Amy Winehouse 2006 Back To Black
53%
98 Travis Scott 2018 Astroworld
33%
1 Lauryn Hill 1998 The Miseducation Of Lauryn Hill
33%
99 Eagles 1976 Hotel California
27%
10 Beyoncé 2016 Lemonade
27%
9 Nirvana 1991 Nevermind
27%
28 Pink Floyd 1973 The Dark Side Of The Moon
27%
15 Adèle 2011 21
20%
3 The Beatles 1969 Abbey Road
20%
23 Daft Punk 2001 Discovery
20%
12 Radiohead 1997 Ok Computer
20%
90 AC/DC 1980 Back In Black
13%
36 Beyoncé 2013 Beyoncé
13%
5 Frank Ocean 2016 Blonde
13%
7 Kendrick Lamar 2012 Good Kid, m.A.A.d city
13%
77 Madonna 1989 Like A Prayer
13%
35 The Clash 1979 London Calling
13%
79 Lana Del Rey 2019 Norman Fucking Rockwell
13%
96 Lorde 2013 Pure Heroine
13%
72 SZA 2022 SOS
13%
89 Lady Gaga 2009 The Fame Monster
13%
76 Bad Bunny 2022 Un Verano Sin Ti
13%
30 Bilie Eilish 2019 When We All Fall Asleep
13%
24 David Bowie 1972 Ziggy Stardust
13%
18 Taylor Swift 2023 1989 (Taylor's Version)
7%
59 Arctic Monkeys 2013 AM
7%
55 Rihanna 2016 Anti
7%
52 Guns N' Roses 1987 Appetite For Destruction
7%
46 Bob Marley 1977 Exodus
7%
92 Tyler, The Creator 2017 Flower Boy
7%
82 50 Cent 2003 Get Rich Or Die Tryin'
7%
88 Nina Simone 1965 I Put A Spell On You
7%
31 Alanis Morissette 1995 Jagged Little Pill
7%
33 Radiohead 2000 Kid A
7%
27 Led Zeppelin 1969 Led Zeppelin II
7%
69 Metallica 1986 Master Of Puppets
7%
58 Oasis 1995 Morning Glory
7%
26 Kanye West 2010 My Beautiful Dark Twisted Fantasy
7%
21 The Beatles 1966 Revolver
7%
11 Fleetwood Mac 1977 Rumours
7%
49 U2 1987 The Joshua Tree
7%
65 De La Soul 1989 3 Feet High And Rising
0%
81 Neil Young 1970 After The Gold Rush
0%
73 Steely Dan 1977 Aja
0%
62 2Pac 1996 All Eyez On Me
0%
54 John Coltrane 1965 A Love Supreme
0%
41 Outkast 1998 Aquemini
0%
63 Jimi Hendrix 1967 Are You Experienced
0%
93 Solange 2016 A Seat At The Table
0%
64 Erykah Badu 1997 Baduizm
0%
16 Joni Mitchell 1971 Blue
0%
87 Massive Attack 1991 Blue Lines
0%
100 Robyn 2010 Body Talk
0%
22 Bruce Springsteen 1975 Born To Run
0%
95 Usher 2004 Confessions
0%
42 Janet Jackson 1986 Control
0%
56 The Cure 1989 Disintegration
0%
84 Snoop Dogg 1993 Doggystyle
0%
67 Portishead 1994 Dummy
0%
37 Wu-Tang Clan 1993 Enter The Wu-Tang
0%
53 Rolling Stones 1972 Exile On Main St.
0%
85 Kacey Musgraves 2018 Golden Hour
0%
78 Elton John 1973 Goodbye Yellow Brick Road
0%
14 Bob Dylan 1965 Highway 61 Revisited
0%
45 Bjork 1997 Homogenic
0%
83 Patti Smith 1975 Horses
0%
50 Kate Bush 1985 Hounds Of Love
0%
39 Nas 1994 Illmatic
0%
40 Aretha Franklin 1967 I Never Loved A Man...
0%
44 Stevie Wonder 1973 Innvervisions
0%
68 The Strokes 2001 Is This It
0%
34 Public Enemy 1988 It Takes A Nation...
0%
25 Miles Davies 1959 Kind Of Blue
0%
91 George Michael 1990 Listen Without Prejudice Vol.1
0%
61 Sade 1992 Love Deluxe
0%
86 Mary J.Blige 1994 My Life
0%
48 Beastie Boys 1989 Paul's Boutique
0%
20 The Beach Boys 1966 Pet Sounds
0%
97 Rage Against The Machine 1992 Rage Against The Machine
0%
32 Notorious B.I.G 1994 Ready To Die
0%
43 Talking Heads 1980 Remain In Light
0%
51 Prince 1987 Sign O' The Times
0%
6 Stevie Wonder 1976 Songs In The Key Of Life
0%
70 N.W.A 1988 Straight Outta Compton
0%
75 Missy Eliott 1997 Supa Dupa Fly
0%
47 Drake 2019 Take Care
0%
38 Carole King 1971 Tapestry
0%
13 Jay-Z 2001 The Blueprint
0%
19 Dr.Dre 1992 The Chronic
0%
74 Nine Inch Nails 1994 The Downard Spiral
0%
29 A Tribe Called Quest 1991 The Low End Theory
0%
80 Eminem 2000 The Marshall Matters LP
0%
66 The Smiths 1986 The Queen Is Dead
0%
60 Velvet Underground 1967 The Velvet Underground And Nico
0%
71 Kraftwerk 1977 Trans-Europe Express
0%
94 Burial 2007 Untrue
0%
57 D'Angelo 2000 Voodoo
0%
17 Marvin Gaye 1971 What's Going On
0%
Aucun quiz correspondant
Distribution des résultats
% des personnes avec chaque résultat
Percentile par nombre de réponses
Votre historique - résultats
Vous n’avez pas pris ce quiz